000 01408nmc a2200433 a 4500
003 AR-BaBNM
005 20251128205107.0
008 011101s1996 ||||||||||||||000 | spa||
020 _a950-03-8375-6
040 _cAR-BaBNM
110 2 _aUnicef
245 1 0 _aAdolescencia, pobreza, educación y trabajo
_bel desafío es hoy
250 _a1ª ed.
260 _aBuenos Aires
_bLosada
_bUNICEF
_c1996
300 _a219 p.
_btablas
490 0 _aBiblioteca Pedagógica
500 _aCENEP: Centro de Estudios de Población
500 _aCIID-CENEP: Red Latinoamericana de Educación y Trabajo
500 _aUNICEF: Fondo de las Naciones Unidas para la Infancia
504 _aContiene bibliografía al final de cada capítulo
650 4 _aADOLESCENCIA
650 4 _aPOBREZA
650 4 _aEDUCACION Y EMPLEO
650 4 _aTRABAJO
650 4 _aMERCADO DE TRABAJO
650 4 _aCONDICIONES DE TRABAJO
651 4 _aArgentina
700 1 _aEfron, Rubén
700 1 _aFeldman, Silvio
700 1 _aGallart, María Antonia
700 1 _aKessler, Gabriel
700 1 _aMacri, Mariela
700 1 _aSuárez, Ana Lourdes
700 1 _aJacinto, Claudia
_ecoordinador
710 2 _aRed Latinoamericana de Educación y Trabajo
711 2 _aAdolescencia, pobreza, educación y trabajo: el desafío es hoy
_cBuenos Aires, Argentina
_9oct. 24-25
_d1994
942 _cBK
998 _cSILVI
999 _c9964
_d9964